Online
Catalog

La provincia de corrientes en los siglos XVI y XVII. Un modelo de colonización en el alto parana / (Record no. 41214)

MARC details
000 -CABECERA
campo de control de longitud fija 00959nam a2200217 a 4500
001 - NÚMERO DE CONTROL
campo de control 000041725
005 - FECHA Y HORA DE LA ÚLTIMA TRANSACCIÓN
campo de control 20201002035723.0
008 - DATOS DE LONGITUD FIJA--INFORMACIÓN GENERAL
campo de control de longitud fija 131016s1988 sp ab 000 0 spa d
020 ## - NÚMERO INTERNACIONAL ESTÁNDAR DEL LIBRO
Número Internacional Estándar del Libro 840006867X
040 ## - FUENTE DE LA CATALOGACIÓN
Centro catalogador/agencia de origen DO-SdBNP
Lengua de catalogación spa
Centro/agencia transcriptor BNPHU
082 ## - NÚMERO DE LA CLASIFICACIÓN DECIMAL DEWEY
Número de clasificación xxx
Número de documento/Ítem C127p
100 1# - ENTRADA PRINCIPAL--NOMBRE DE PERSONA
Nombre de persona Cañedo-Argüelles Fabrega, Teresa
9 (RLIN) 67668
245 13 - MENCIÓN DE TÍTULO
Título La provincia de corrientes en los siglos XVI y XVII. Un modelo de colonización en el alto parana /
Mención de responsabilidad, etc. Teresa Cañedo-Argüelles Fabrega ; prólogo Alfredo Jiménez.
260 ## - PUBLICACIÓN, DISTRIBUCIÓN, ETC.
Lugar de publicación, distribución, etc. Madrid :
Nombre del editor, distribuidor, etc. Consejo Superior de Investigaciones Científicas, Centro de Estudios Históricos, Departamento de Historia de América,
Fecha de publicación, distribución, etc. 1988.
300 ## - DESCRIPCIÓN FÍSICA
Extensión 257 p. :
Otras características físicas il., maps ;
Dimensiones 24 cm.
490 1# - MENCIÓN DE SERIE
Mención de serie Tierra nueva e cielo nuevo
Designación de volumen o secuencia 23
500 ## - NOTA GENERAL
Nota general Incluye referencias bibliográficas y notas al pie de páginas.
504 ## - NOTA DE BIBLIOGRAFÍA, ETC.
Nota de bibliografía, etc. Bibliografía: p. 251-257
700 12 - PUNTO DE ACCESO ADICIONAL--NOMBRE DE PERSONA
Nombre de persona Jiménez, Alfredo
Término indicativo de función/relación pról.
9 (RLIN) 68558
830 #0 - PUNTO DE ACCESO ADICIONAL DE SERIE-TÍTULO UNIFORME
Título uniforme Tierra nueva e cielo nuevo
Número de parte o sección de la obra 23
9 (RLIN) 68559
Holdings
Estado de retiro Estado de pérdida Restricciones de uso No para préstamo Código de colección Localización permanente Ubicación/localización actual Ubicación en estantería Fecha de adquisición Número de inventario Total de préstamos Signatura topográfica completa Código de barras Fecha visto por última vez Precio válido a partir de Tipo de ítem Koha
      Excluido de préstamo Monografías: Libros y Folletos General General En catalogación 16.10.2013 LF1   xxx C127p 41725-10 25.06.2020 25.06.2020 No se presta

Powered by Koha